<?xml version="1.0" encoding="UTF-8"?>
<record
    xmlns:xsi="http://www.w3.org/2001/XMLSchema-instance"
    xsi:schemaLocation="http://www.loc.gov/MARC21/slim http://www.loc.gov/standards/marcxml/schema/MARC21slim.xsd"
    xmlns="http://www.loc.gov/MARC21/slim">

  <leader>01853nam a2200289   4500</leader>
  <controlfield tag="001">7246</controlfield>
  <controlfield tag="005">20181127183231.0</controlfield>
  <controlfield tag="006">m     o  d</controlfield>
  <controlfield tag="008">020129s2003    inua          001 0 eng</controlfield>
  <datafield tag="010" ind1=" " ind2=" ">
    <subfield code="z">  2002101433</subfield>
  </datafield>
  <datafield tag="020" ind1=" " ind2=" ">
    <subfield code="z">0735712956</subfield>
  </datafield>
  <datafield tag="090" ind1=" " ind2=" ">
    <subfield code="a">006.7</subfield>
  </datafield>
  <datafield tag="100" ind1="1" ind2=" ">
    <subfield code="a">Kerman, Phillip.</subfield>
  </datafield>
  <datafield tag="245" ind1="1" ind2="0">
    <subfield code="a">[ActionScripting in Flash MX]</subfield>
    <subfield code="h">[electronic resource] /</subfield>
    <subfield code="c">Phillip Kerman.</subfield>
  </datafield>
  <datafield tag="250" ind1=" " ind2=" ">
    <subfield code="a">1st ed.</subfield>
  </datafield>
  <datafield tag="260" ind1=" " ind2=" ">
    <subfield code="a">Indianapolis, Ind. :</subfield>
    <subfield code="b">New Riders,</subfield>
    <subfield code="c">2002, c2003.</subfield>
  </datafield>
  <datafield tag="300" ind1=" " ind2=" ">
    <subfield code="a">xii, 697 p. :</subfield>
    <subfield code="b">ill. ;</subfield>
    <subfield code="c">23 cm.</subfield>
  </datafield>
  <datafield tag="500" ind1=" " ind2=" ">
    <subfield code="a">Includes index.</subfield>
  </datafield>
  <datafield tag="505" ind1=" " ind2=" ">
    <subfield code="a">pt. I. Foundation. 1. Flash Basics. 2. What's New in  Flash MX. 3. The Programmer's Approach. 4. Basic  Programming in Flash. 5. Programming Structures. 6.  Debugging. 7. The Movie Clip Object. 8. Functions. 9.  Manipulating Strings. 10. Keyboard Access and Modifying  Onscreen Text. 11. Arrays. 12. Objects. 13. Homemade  Objects. 14. Extending ActionScript. 15. Components. 16.  Interfacing with External Data -- pt. II. Workshops. pt. IIA. Basic Workshops. 1. Ensuring  That Users Have the Flash Player 6. 2. Creating Custom  Cursors. 3. Creating a Horizontal Slider. 4. Building a  Slide Show. 5. Mapping and Scripted Masks. 6. Working  with Odd-Shaped Clickable Areas. 7. Adapting Built-In  Components.</subfield>
    <subfield code="g"></subfield>
    <subfield code="r"></subfield>
    <subfield code="t"></subfield>
  </datafield>
  <datafield tag="520" ind1=" " ind2=" ">
    <subfield code="a">A guide to ActionScripting using Flash MX. The text  provides practical exercises to build problem-solving  skills, foundation knowledge in programming, and debugging  techniques. The web site companion features downloadable  scripts.</subfield>
  </datafield>
  <datafield tag="533" ind1=" " ind2=" ">
    <subfield code="a">Electronic reproduction.</subfield>
    <subfield code="b">Boston, MA :</subfield>
    <subfield code="c">Safari,</subfield>
    <subfield code="d">2003.</subfield>
    <subfield code="n">Available via World Wide Web.</subfield>
  </datafield>
  <datafield tag="550" ind1=" " ind2=" ">
    <subfield code="a">Made available through: Safari Books Online, LLC.</subfield>
  </datafield>
  <datafield tag="630" ind1="0" ind2="0">
    <subfield code="a">ActionScript (Computer program language)</subfield>
  </datafield>
  <datafield tag="630" ind1="0" ind2="0">
    <subfield code="a">Flash (Computer file)</subfield>
  </datafield>
  <datafield tag="650" ind1=" " ind2="0">
    <subfield code="a">Computer animation.</subfield>
  </datafield>
  <datafield tag="650" ind1=" " ind2="0">
    <subfield code="a">Web sites</subfield>
    <subfield code="x">Design.</subfield>
  </datafield>
  <datafield tag="999" ind1=" " ind2=" ">
    <subfield code="c">6170</subfield>
    <subfield code="d">6170</subfield>
  </datafield>
  <datafield tag="952" ind1=" " ind2=" ">
    <subfield code="0">0</subfield>
    <subfield code="1">0</subfield>
    <subfield code="2">ddc</subfield>
    <subfield code="4">0</subfield>
    <subfield code="7">0</subfield>
    <subfield code="8">MAIN</subfield>
    <subfield code="a">RTCLIB</subfield>
    <subfield code="b">RTCLIB</subfield>
    <subfield code="c">MAIN</subfield>
    <subfield code="h"> </subfield>
    <subfield code="i">11203</subfield>
    <subfield code="l">0</subfield>
    <subfield code="o">006.7 KER</subfield>
    <subfield code="p">30010954</subfield>
    <subfield code="r">2018-11-27 00:00:00</subfield>
    <subfield code="w">2018-11-27</subfield>
    <subfield code="y">MAIN</subfield>
  </datafield>
</record>
